| 000 | 00606nam a2200217 a 4500 | ||
|---|---|---|---|
| 003 | MX-MxUPN | ||
| 005 | 20250109080855.0 | ||
| 008 | 991125s1938 fr r 000 0 fre u | ||
| 035 | _aUPN01000002405 | ||
| 040 |
_aMX-MxUPN _bspa _cMX-MxUPN |
||
| 041 | 0 | _afre | |
| 050 | 1 | 4 |
_aBF724 _bM4.2 1938 |
| 100 | 1 |
_aMendousse, Pierre _951400 |
|
| 245 | 1 | 2 | _aL'ame de l'adolescent |
| 250 | _a5a ed. | ||
| 260 |
_aParís : _bFélix Alcan, _c1938. |
||
| 300 | _axiii, 315 páginas | ||
| 650 | 4 |
_aPsicología del adolescente _91013 |
|
| 700 | 1 |
_aLuna de Ibarra, Luz _epropietaria anterior _951389 |
|
| 942 |
_2lcc _cLIBRO |
||
| 999 |
_c2405 _d2405 |
||